All Lord of the Rings and The Hobbit Characters-H - Statistics

General Stats
  • This quiz has been taken 19 times
    17 since last reset
  • The average score is 6 of 12
Answer Stats
Times Mentioned Answer % Correct
44 Haldir
100%
17 Hama
75%
31 Hamfast Gamgee
75%
4 Harry Goatleaf
75%
10 Hob Hayward
75%
12 Halbarad
50%
42 Helm Hammerhead
50%
4 Hirgon
50%
2 Halfast
25%
8 Hasufel
25%
1 Old Holman
25%
2 Heel
0%
No matching quizzes found
Score Distribution
Percent of People with Each Score
Percentile by Number Answered
Your Score History
You have not taken this quiz since the last reset